| 000 | 01199cam a2200289 a 4500 | ||
|---|---|---|---|
| 003 | EG-GiCUC | ||
| 005 | 20250223032428.0 | ||
| 008 | 191030s1997 ua dho f m 000 0 eng d | ||
| 040 |
_aEG-GiCUC _beng _cEG-GiCUC |
||
| 041 | 0 | _aeng | |
| 049 | _aDeposite | ||
| 097 | _aPh.D | ||
| 099 | _aCai01.09.11.Ph.D.1997.He.U | ||
| 100 | 0 | _aHesham Fahmy Eid | |
| 245 | 1 | 4 |
_aThe use of frialit -2 system in immediate dental implantation / _cHesham Fahmy Eid ; Supervised Hatem Abdelrahmam Moustafa , Hussien Mohamed Eltanany , Dawlat Elsayed Ibrahim Salem |
| 246 | 1 | 5 | _aإستخدام نظام الفريالايت-2 فى الغرس السنى الفورى |
| 260 |
_aCairo : _bHesham Fahmy Eid , _c1997 |
||
| 300 |
_a189 Leaves : _bcharts , facsimiles , photoghraphs ; _c30cm |
||
| 502 | _aThesis (Ph.D.) - Cairo University - Faculty of Oral and Dental Medicine - Department of Oral Surgery | ||
| 700 | 0 |
_aDawlat Elsayed Ibrahim Salem , _eSupervisor |
|
| 700 | 0 |
_aHatem Abdelrahmam Moustafa , _eSupervisor |
|
| 700 | 0 |
_aHussien Mohamed Eltanany , _eSupervisor |
|
| 856 | _uhttp://172.23.153.220/th.pdf | ||
| 905 |
_aNazla _eRevisor |
||
| 905 |
_aShimaa _eCataloger |
||
| 942 |
_2ddc _cTH |
||
| 999 |
_c74874 _d74874 |
||